| 000 | 00572cam a2200145 a 4500 | ||
|---|---|---|---|
| 020 | _a0876308132 (hardcover : alk. paper) | ||
| 050 | 0 | 0 |
_aRC475.5 _b.E96 1997 |
| 245 | 0 | 4 |
_aThe evolution of psychotherapy : _bthe third conference / _cedited by Jeffrey K. Zeig. |
| 260 |
_aNew York : _bBrunner/Mazel, _cc1997. |
||
| 300 | _axx, 358 p. : | ||
| 500 | _aPapers from the 1995 Evolution of Psychotherapy Conference sponsored by the Milton H. Erickson Foundation and held during 1995 at Las Vegas, Nev. | ||
| 650 | 0 | _xCongresses. | |
| 700 | 1 | _aZeig, Jeffrey K., | |
| 942 |
_2lcc _cGEN |
||
| 999 |
_c14878 _d14878 |
||